[Event "5th Oakham Young Masters"]
[Site "Oakham ENG"]
[Date "1992.03.25"]
[Round "2"]
[White "Hassabis, Demis"]
[Black "Hennigan, Michael"]
[Result "1/2-1/2"]
[WhiteElo "2290"]
[BlackElo "2375"]
[EventDate "1992.03.24"]
[PlyCount "82"]
[Source "John Saunders"]

1.c4 g6 2.Nc3 Bg7 3.g3 Nf6 4.Bg2 O-O 5.e4 d6 6.Nge2 e5 7.O-O c6 8.d3 a6 9.
h3 b5 10.Be3 Nbd7 11.f4 Bb7 12.Qd2 Re8 13.Rac1 Rb8 14.f5 d5 15.cxd5 cxd5 
16.exd5 b4 17.Ne4 Bxd5 18.b3 Ba8 19.Ba7 Nxe4 20.dxe4 Nf6 21.Qe3 Rc8 22.g4 
Qd7 23.Bc5 Qb5 24.Ng3 Nd7 25.Bd6 a5 26.Rfd1 Qb6 27.Qxb6 Nxb6 28.Rxc8 Rxc8 
29.Be7 f6 30.Rd8+ Kf7 31.Rxc8 Nxc8 32.Bd8 Ke8 33.Bxa5 Bf8 34.Bf1 Bc5+ 35.
Kg2 Na7 36.Bc4 Ke7 37.Bg8 Bc6 38.Bxh7 g5 39.Bg8 Bb5 40.Bd5 Nc6 41.Bxc6 
Bxc6 1/2-1/2

[Event "5th Oakham Young Masters"]
[Site "Oakham ENG"]
[Date "1992.03.25"]
[Round "2"]
[White "Relange, Eloi"]
[Black "Kumaran, Dharshan"]
[Result "1/2-1/2"]
[WhiteElo "2275"]
[BlackElo "2375"]
[EventDate "1992.03.24"]
[PlyCount "70"]
[Source "John Saunders"]

1.e4 c6 2.d4 d5 3.e5 Bf5 4.h4 Qb6 5.g4 Bd7 6.c3 e6 7.h5 c5 8.f4 Nc6 9.Nf3 
Rc8 10.Rh2 cxd4 11.cxd4 Nh6 12.Bh3 Nxd4 13.Nxd4 Bb4+ 14.Ke2 Rxc1 15.Qxc1 
Qxd4 16.Nc3 Qc4+ 17.Kf3 d4 18.Bf1 Bc6+ 19.Kg3 Qc5 20.Ne2 Qb6 21.Qc4 O-O 
22.a3 d3 23.Nd4 Be7 24.Rd1 Bd5 25.Qxd3 f5 26.g5 Ng4 27.Rhd2 Rc8 28.Nxf5 
exf5 29.Qxd5+ Kh8 30.Qd4 Qb3+ 31.Rd3 Qc2 32.R1d2 Qc1 33.Rd1 Qc2 34.R3d2 
Qb3+ 35.Qd3 Qf7 1/2-1/2

[Event "5th Oakham Young Masters"]
[Site "Oakham ENG"]
[Date "1992.03.25"]
[Round "2"]
[White "Jirovsky, Milos"]
[Black "Khurtsidze, Nino"]
[Result "1/2-1/2"]
[WhiteElo "2425"]
[BlackElo "2220"]
[EventDate "1992.03.24"]
[PlyCount "88"]
[Source "John Saunders"]

1.Nf3 Nf6 2.c4 e6 3.Nc3 d5 4.d4 Be7 5.g3 O-O 6.Bg2 c6 7.O-O Nbd7 8.b3 b6 
9.Bb2 Ba6 10.Ne5 Nxe5 11.dxe5 Nd7 12.cxd5 cxd5 13.Qd4 Qc7 14.Rac1 Qxe5 15.
Qxe5 Nxe5 16.Nxd5 exd5 17.Bxe5 Bxe2 18.Rfe1 Ba3 19.Rc7 Bb5 20.Bxd5 Rad8 
21.Rd1 Rd7 22.Rxd7 Bxd7 23.Kg2 Bb5 24.Rd2 h6 25.f4 Rc8 26.Bb7 Bb4 27.Bxc8 
Bxd2 28.Kf3 Bd3 29.Bb8 Bb1 30.a3 a5 31.Bc7 Bc2 32.Bxb6 Bxb3 33.Ke2 Bc1 34.
Bc5 Bc2 35.Bd7 a4 36.Bb5 g5 37.fxg5 hxg5 38.Bd3 Bb3 39.Kf3 Kg7 40.Be7 f6 
41.Bb4 Be6 42.Ke4 Kf7 43.Kd4 f5 44.Bc2 Bd7 1/2-1/2

[Event "5th Oakham Young Masters"]
[Site "Oakham ENG"]
[Date "1992.03.25"]
[Round "2"]
[White "Hauchard, Arnaud"]
[Black "Beckett, Roger"]
[Result "1-0"]
[WhiteElo "2420"]
[BlackElo "2205"]
[EventDate "1992.03.24"]
[PlyCount "89"]
[Source "John Saunders"]

1.e4 c5 2.Nf3 e6 3.c3 Nf6 4.e5 Nd5 5.d4 cxd4 6.cxd4 b6 7.Nc3 Nxc3 8.bxc3 
Qc7 9.Bd2 Be7 10.Bd3 Ba6 11.Be4 Bb7 12.Qe2 O-O 13.Bd3 d6 14.h4 Nd7 15.
Bxh7+ Kxh7 16.Ng5+ Kg8 17.Qh5 Be4 18.exd6 Bxd6 19.Nxe4 Bf4 20.Bxf4 Qxf4 
21.Qe2 Nf6 22.Nxf6+ Qxf6 23.Rh3 Rac8 24.Rd1 Rfd8 25.Qe4 Rd5 26.Kf1 Qf5 27.
Qxf5 Rxf5 28.Re3 Rc4 29.Rd2 Kf8 30.Ke2 Ra5 31.Kd3 b5 32.Rb2 Ke7 33.Ree2 
Kd6 34.Rxb5 Rxc3+ 35.Kxc3 Rxb5 36.Rb2 Rf5 37.f3 Kc6 38.Rb4 g6 39.Rc4+ Kb6 
40.Rc5 Rf4 41.h5 gxh5 42.Rxh5 Rf6 43.Kd3 Rg6 44.g4 f6 45.Ke4 1-0

[Event "5th Oakham Young Masters"]
[Site "Oakham ENG"]
[Date "1992.03.25"]
[Round "2"]
[White "Hall, Jesper"]
[Black "Turner, Matthew"]
[Result "1-0"]
[WhiteElo "2370"]
[BlackElo "2250"]
[EventDate "1992.03.24"]
[PlyCount "104"]
[Source "John Saunders"]

1.e4 c5 2.Nf3 Nc6 3.d4 cxd4 4.Nxd4 g6 5.Nc3 Bg7 6.Nb3 Nf6 7.Be2 O-O 8.O-O 
d6 9.Be3 a5 10.a4 Be6 11.f4 Rc8 12.Bf3 Nb4 13.Rf2 Bxb3 14.cxb3 Nd7 15.e5 
Nc5 16.Rd2 Qe8 17.exd6 exd6 18.Bf2 Qe6 19.Nb5 Nxb3 20.Re2 Qc4 21.Nxd6 Qc1 
22.Nxc8 Qxa1 23.Qxa1 Nxa1 24.Bxb7 Nd3 25.Bb6 Nb3 26.Nd6 Nxf4 27.Re4 Ne6 
28.Bd5 Nbc5 29.Rc4 Be5 30.Nb5 Nd3 31.b3 Ndf4 32.Bxe6 fxe6 33.Re4 Bb8 34.
Bxa5 Rc8 35.g3 Rc1+ 36.Re1 Rxe1+ 37.Bxe1 Nd3 38.Bf2 Nc1 39.a5 Nxb3 40.a6 
Nd2 41.Bb6 Kf7 42.Bc7 Bxc7 43.Nxc7 Nc4 44.a7 Nb6 45.a8=Q Nxa8 46.Nxa8 Kf6 
47.Kf2 Kf5 48.Nc7 e5 49.h3 Ke4 50.Ke2 h5 51.Ne6 Kf5 52.Nf8 h4 1-0

[Event "5th Oakham Young Masters"]
[Site "Oakham ENG"]
[Date "1992.03.25"]
[Round "2"]
[White "Martinidesz, Denes"]
[Black "Webster, Andrew"]
[Result "0-1"]
[WhiteElo "2215"]
[BlackElo "2350"]
[EventDate "1992.03.24"]
[PlyCount "74"]
[Source "John Saunders"]

1.e4 g6 2.d4 Bg7 3.Nc3 c6 4.Be3 d6 5.f4 b5 6.Bd3 Nd7 7.Nf3 Nb6 8.Qe2 Nf6 
9.e5 Nfd5 10.Bxb5 cxb5 11.Nxd5 Nc4 12.b3 Nxe3 13.Nxe3 Rb8 14.c4 bxc4 15.
Nxc4 O-O 16.O-O Ba6 17.d5 dxe5 18.Nfxe5 Qxd5 19.Rad1 Qe6 20.Rfe1 Rfe8 21.
Qf2 Rbd8 22.Rd2 h6 23.Red1 Rxd2 24.Qxd2 g5 25.g3 gxf4 26.gxf4 Bc8 27.Qg2 
Qf5 28.Kh1 Kh8 29.Rg1 Rg8 30.h3 Bb7 31.Nf3 Qxf4 32.Ncd2 f5 33.a4 Bd5 34.
Rf1 Bc3 35.Qh2 Qxh2+ 36.Kxh2 Bxd2 37.Rd1 Bf4+ 0-1

[Event "5th Oakham Young Masters"]
[Site "Oakham ENG"]
[Date "1992.03.25"]
[Round "2"]
[White "Sjodahl, Pontus"]
[Black "Ong Chong Ghee"]
[Result "1-0"]
[WhiteElo "2345"]
[BlackElo "2205"]
[EventDate "1992.03.24"]
[PlyCount "83"]
[Source "John Saunders"]

1.d4 Nf6 2.c4 g6 3.Nc3 Bg7 4.e4 d6 5.f3 O-O 6.Bg5 Nc6 7.Qd2 e5 8.dxe5 Nxe5
9.O-O-O Be6 10.f4 Nxc4 11.Qe1 h6 12.Bh4 g5 13.fxg5 hxg5 14.Bxg5 Qe8 15.Qh4
Nh7 16.Bh6 Bxh6+ 17.Qxh6 Qe7 18.Bxc4 Bxc4 19.Nf3 Qf6 20.Qe3 Rae8 21.Rhe1 
d5 22.Nxd5 Qa6 23.a3 Qa4 24.Nc3 Qa5 25.Rd7 b5 26.Qc5 Be6 27.Rxc7 Rc8 28.
Rxc8 Rxc8 29.Qb4 Qb6 30.Kb1 Bc4 31.Nd5 Bxd5 32.exd5 Qf2 33.Qd2 Qxd2 34.
Nxd2 Rd8 35.Re5 f6 36.Rf5 Kg7 37.Nf3 Nf8 38.Kc2 Ng6 39.d6 a6 40.Rd5 Nf4 
41.Rd2 Kf7 42.g3 1-0

[Event "5th Oakham Young Masters"]
[Site "Oakham ENG"]
[Date "1992.03.26"]
[Round "3"]
[White "Ulybin, Mikhail"]
[Black "Hauchard, Arnaud"]
[Result "1/2-1/2"]
[WhiteElo "2585"]
[BlackElo "2420"]
[EventDate "1992.03.24"]
[PlyCount "89"]
[Source "John Saunders"]

1.d4 Nf6 2.c4 e6 3.g3 c5 4.d5 exd5 5.cxd5 Bd6 6.Bg2 O-O 7.Nc3 a6 8.a4 Bc7 
9.Nf3 d6 10.O-O Nbd7 11.h3 Re8 12.Bf4 Nf8 13.Qc2 Bd7 14.e4 b5 15.axb5 axb5
16.Rxa8 Qxa8 17.Bg5 Bd8 18.Re1 Ng6 19.b3 h6 20.Bc1 Nh7 21.Kh2 Bf6 22.Bb2 
Ne5 23.Nxe5 Bxe5 24.f4 Bd4 25.Ra1 Qd8 26.Ne2 Bxb2 27.Qxb2 Qf6 28.Qb1 b4 
29.Ra7 Bb5 30.Qc2 g5 31.Rb7 Bxe2 32.Qxe2 gxf4 33.Qg4+ Qg5 34.Qxf4 Qxf4 35.
gxf4 Nf6 36.e5 dxe5 37.fxe5 Rxe5 38.d6 Re8 39.Bf1 Ne4 40.Rd7 Re6 41.Rd8+ 
Kg7 42.d7 Rd6 43.Re8 Rd2+ 44.Kg1 Ng5 45.Bb5 1/2-1/2

[Event "5th Oakham Young Masters"]
[Site "Oakham ENG"]
[Date "1992.03.26"]
[Round "3"]
[White "Webster, Andrew"]
[Black "Akopian, Vladimir"]
[Result "0-1"]
[WhiteElo "2350"]
[BlackElo "2605"]
[EventDate "1992.03.24"]
[PlyCount "52"]
[Source "John Saunders"]

1.c4 e5 2.g3 Nf6 3.Bg2 Nc6 4.Nc3 g6 5.e3 Bg7 6.Nge2 O-O 7.O-O d6 8.d4 exd4
9.exd4 Bf5 10.h3 h5 11.b3 Re8 12.d5 Nb4 13.a3 Nd3 14.Bg5 Qd7 15.Bxf6 Bxf6 
16.g4 hxg4 17.hxg4 Nb2 18.Qd2 Bd3 19.Bf3 Qe7 20.Ra2 Be5 21.g5 Qd7 22.Rc1 
Qh3 23.Ng3 Bd4 24.Rxb2 Qxg3+ 25.Bg2 Re2 26.Nxe2 Bxf2+ 0-1

[Event "5th Oakham Young Masters"]
[Site "Oakham ENG"]
[Date "1992.03.26"]
[Round "3"]
[White "Mueller, Karsten"]
[Black "Bus, Mariusz"]
[Result "1/2-1/2"]
[WhiteElo "2460"]
[BlackElo "2390"]
[EventDate "1992.03.24"]
[PlyCount "84"]
[Source "John Saunders"]

1.e4 e6 2.d4 d5 3.Nd2 c5 4.Ngf3 cxd4 5.exd5 Qxd5 6.Bc4 Qd6 7.Nb3 Nc6 8.O-O
Nf6 9.Nbxd4 Nxd4 10.Qxd4 Bd7 11.Bf4 Qxd4 12.Nxd4 Rc8 13.Be2 Bc5 14.Nb3 Bb6
15.c4 Ne4 16.Rac1 Ke7 17.Bf3 Bc6 18.Be5 f6 19.Bxe4 Bxe4 20.Rfe1 Bc6 21.Bd4
Rhd8 22.Bxb6 axb6 23.Rc3 Kf7 24.f3 e5 25.Kf2 Rd6 26.Nc1 Rcd8 27.Ke3 e4 28.
f4 f5 29.g3 Rd2 30.Re2 Rd1 31.Nb3 R8d3+ 32.Rxd3 Rxd3+ 33.Kf2 Ba4 34.Nc1 
Rf3+ 35.Ke1 h6 36.Rf2 g5 37.Rxf3 exf3 38.Nd3 g4 39.Kd2 Bc6 40.Ke3 Ke6 41.
b4 Kd6 42.Kd4 Be4 1/2-1/2

[Event "5th Oakham Young Masters"]
[Site "Oakham ENG"]
[Date "1992.03.26"]
[Round "3"]
[White "Svidler, Peter"]
[Black "Hall, Jesper"]
[Result "0-1"]
[WhiteElo "2465"]
[BlackElo "2370"]
[EventDate "1992.03.24"]
[PlyCount "92"]
[Source "John Saunders"]

1.e4 c5 2.Nf3 Nc6 3.Bb5 g6 4.Nc3 Bg7 5.Bxc6 bxc6 6.d3 Nf6 7.O-O O-O 8.e5 
Nd5 9.Ne4 d6 10.c4 Nc7 11.exd6 exd6 12.Bg5 f6 13.Bd2 Ne6 14.Qc1 Qc7 15.Bh6
d5 16.Bxg7 Kxg7 17.Nc3 dxc4 18.dxc4 Nd4 19.Qe3 Nc2 20.Qxc5 Nxa1 21.Rxa1 
Qb6 22.Qa3 Qa6 23.Qb4 Qb6 24.Qa3 a5 25.Ne4 Qb4 26.Qxb4 axb4 27.Nd4 f5 28.
Nc5 Re8 29.f3 Ra5 30.Nd3 Bb7 31.Nb3 Ra7 32.Nxb4 Re2 33.Rb1 Ra8 34.Kf1 Rae8
35.Rd1 Bc8 36.Rd2 Re1+ 37.Kf2 Rh1 38.h3 f4 39.Nd3 g5 40.Nd4 Bxh3 41.Nxc6 
Bf5 42.Ncb4 h5 43.Rc2 Rd8 44.Rc3 h4 45.Nd5 Bxd3 46.Rxd3 Re8 0-1

[Event "5th Oakham Young Masters"]
[Site "Oakham ENG"]
[Date "1992.03.26"]
[Round "3"]
[White "Jirovsky, Milos"]
[Black "Hennigan, Michael"]
[Result "0-1"]
[WhiteElo "2425"]
[BlackElo "2375"]
[EventDate "1992.03.24"]
[PlyCount "69"]
[Source "John Saunders"]

1.Nf3 Nf6 2.g3 d5 3.Bg2 c6 4.O-O Bf5 5.b3 e6 6.Bb2 h6 7.d3 Nbd7 8.Nbd2 Bc5
9.e4 Bh7 10.e5 Ng8 11.h4 Ne7 12.h5 Nf5 13.Kh2 g6 14.hxg6 fxg6 15.d4 Bb6 
16.Rh1 g5 17.g4 Ng7 18.Kg1 Bg6 19.Nf1 Qe7 20.Ng3 O-O-O 21.a4 h5 22.a5 Bc7 
23.Bc1 Rdg8 24.Bxg5 Qf7 25.Qd2 hxg4 26.Rxh8 Rxh8 27.Nh2 Nf5 28.Nxg4 Nh4 
29.f4 Qh7 30.c3 Bd8 31.b4 Bxg5 32.fxg5 Nxg2 33.Qxg2 Qh4 34.Qh2 Nxe5 35.
dxe5 0-1

[Event "5th Oakham Young Masters"]
[Site "Oakham ENG"]
[Date "1992.03.26"]
[Round "3"]
[White "Kogan, Artur"]
[Black "Chabanon, Jean-Luc"]
[Result "1/2-1/2"]
[WhiteElo "2370"]
[BlackElo "2410"]
[EventDate "1992.03.24"]
[PlyCount "88"]
[Source "John Saunders"]

1.e4 e5 2.Nf3 Nc6 3.Bc4 Nf6 4.d3 Be7 5.O-O O-O 6.Re1 d6 7.a3 h6 8.h3 Kh8 
9.Nc3 a6 10.d4 exd4 11.Nxd4 Nxd4 12.Qxd4 c5 13.Qd3 b5 14.Bd5 Nxd5 15.Nxd5 
Bb7 16.Bf4 Bg5 17.Bh2 Re8 18.Rad1 Rc8 19.Qf3 Kg8 20.Qg4 Bf6 21.c3 Be5 22.
f4 Bf6 23.f5 Bxd5 24.Rxd5 Be5 25.Bxe5 Rxe5 26.f6 g6 27.Red1 Qe8 28.Rxd6 
Rxe4 29.Qxc8 Qxc8 30.Rd8+ Qxd8 31.Rxd8+ Kh7 32.Rf8 g5 33.Rxf7+ Kg6 34.Rc7 
c4 35.Rc6 Re2 36.Rxa6 Rxb2 37.a4 b4 38.cxb4 c3 39.Rc6 Rxb4 40.Rxc3 Rxa4 
41.Rf3 Kf7 42.Kf2 Ra2+ 43.Kg3 Rb2 44.Rf1 Ra2 1/2-1/2

[Event "5th Oakham Young Masters"]
[Site "Oakham ENG"]
[Date "1992.03.26"]
[Round "3"]
[White "Collinson, Adam"]
[Black "Gdanski, Jacek"]
[Result "1/2-1/2"]
[WhiteElo "2335"]
[BlackElo "2435"]
[EventDate "1992.03.24"]
[PlyCount "143"]
[Source "John Saunders"]

1.e4 e6 2.d4 d5 3.Nd2 Nf6 4.e5 Nfd7 5.Bd3 c5 6.c3 Nc6 7.Ne2 Qb6 8.Nf3 cxd4
9.cxd4 f6 10.exf6 Nxf6 11.O-O Bd6 12.b3 O-O 13.Bb2 Bd7 14.Ng3 Kh8 15.Rc1 
Bf4 16.Rc5 Bd6 17.Rc1 a5 18.a3 Be8 19.Re1 Bf7 20.Bb1 Bg8 21.Re2 Rac8 22.
Qd3 Bb8 23.Rce1 Ba7 24.Rd2 Rc7 25.Ne5 Nxe5 26.Rxe5 Rcf7 27.Rde2 Ng4 28.Rh5
h6 29.f3 Nf6 30.Rhe5 Rc8 31.Qe3 Nd7 32.Rh5 e5 33.Nf5 Nf6 34.Nh4 Nxh5 35.
Ng6+ Qxg6 36.Bxg6 Nf4 37.Rc2 Rxc2 38.Bxc2 exd4 39.Qf2 Re7 40.Kf1 Re2 41.
Qxe2 Nxe2 42.Kxe2 Bb8 43.g3 Be5 44.Kd2 g5 45.Bf5 Kg7 46.Kd3 Kf6 47.g4 Bxh2
48.Bxd4+ Be5 49.Bb6 Bd6 50.Bd4+ Ke7 51.a4 Bf7 52.Bc8 Bg6+ 53.Kc3 h5 54.
gxh5 Bxh5 55.Bg4 Bb4+ 56.Kb2 Be8 57.Be3 Kf6 58.Bd4+ Kg6 59.Be6 Bc6 60.Kc2 
Be7 61.Kd2 Bf6 62.Bb6 d4 63.Bg4 Bd5 64.Kc2 d3+ 65.Kxd3 Bxb3 66.Bxa5 Bxa4 
67.Bc7 b5 68.f4 b4 69.fxg5 b3 70.Bd1 b2 71.Bc2 Bxc2+ 72.Kxc2 1/2-1/2

[Event "5th Oakham Young Masters"]
[Site "Oakham ENG"]
[Date "1992.03.26"]
[Round "3"]
[White "Nielsen, Peter Heine"]
[Black "Sjodahl, Pontus"]
[Result "1/2-1/2"]
[WhiteElo "2420"]
[BlackElo "2345"]
[EventDate "1992.03.24"]
[PlyCount "83"]
[Source "John Saunders"]

1.e4 e6 2.d4 d5 3.Nc3 Bb4 4.e5 c5 5.a3 Bxc3+ 6.bxc3 Ne7 7.h4 Bd7 8.h5 h6 
9.Qg4 Nf5 10.Bd3 Rg8 11.Nf3 Nc6 12.O-O Qc7 13.a4 O-O-O 14.Ba3 cxd4 15.cxd4
Na5 16.Nh4 Nxh4 17.Qxh4 Nc4 18.Qg3 Nd2 19.Rfe1 Qc3 20.Qe3 Nc4 21.Bxc4 Qxe3
22.Rxe3 dxc4 23.Rc3 b6 24.a5 Kb7 25.Bd6 Bb5 26.axb6 axb6 27.Rca3 Ra8 28.
Rxa8 Rxa8 29.Rxa8 Kxa8 30.c3 g6 31.Bf8 gxh5 32.Bxh6 Kb7 33.Kh2 Ba4 34.Kg3 
Bc2 35.Kh4 Bg6 36.d5 Be4 37.d6 Bxg2 38.Kg5 Kc6 39.Kf6 Kd7 40.Kg5 Be4 41.
Kxh5 b5 42.Bc1 1/2-1/2

[Event "5th Oakham Young Masters"]
[Site "Oakham ENG"]
[Date "1992.03.26"]
[Round "3"]
[White "Galliamova, Alisa"]
[Black "Gokhale, Jayant Suresh"]
[Result "0-1"]
[WhiteElo "2410"]
[BlackElo "2325"]
[EventDate "1992.03.24"]
[PlyCount "116"]
[Source "John Saunders"]

1.d4 Nf6 2.c4 c5 3.Nf3 cxd4 4.Nxd4 e5 5.Nb5 d5 6.cxd5 Bc5 7.N5c3 O-O 8.e3 
a6 9.Be2 e4 10.O-O Re8 11.Nd2 Bf5 12.Nb3 Bd6 13.Nd4 Bg6 14.f4 exf3 15.gxf3
Nbd7 16.e4 Qc7 17.Rf2 Nh5 18.Be3 Nf4 19.Bf1 Nf6 20.Qd2 N6h5 21.Nce2 Nxe2+ 
22.Bxe2 Bf4 23.Bf1 Qe5 24.Bxf4 Nxf4 25.Ne2 Qg5+ 26.Kh1 Rxe4 27.Rg2 Rxe2 
28.Rxe2 h6 29.Rf2 Rd8 30.d6 Bf5 31.Rc1 Be6 32.Rd1 Bd5 33.Qb4 Qh4 34.Rdd2 
Qf6 35.Rd4 g5 36.Bd3 a5 37.Qc5 Be6 38.Be4 Rc8 39.Qxc8+ Bxc8 40.d7 Bxd7 41.
Rxd7 Qe6 42.Rxb7 Qxa2 43.Kg1 Nh3+ 44.Kg2 Nxf2 45.Kxf2 Qe6 46.Rb5 Kg7 47.b3
Qd6 48.Ke3 Qxh2 49.Rxa5 Qg1+ 50.Ke2 Qb6 51.Rf5 Qxb3 52.Kf2 Qb6+ 53.Kg2 
Qb2+ 54.Kg3 Qd4 55.Kg2 Qd2+ 56.Kh3 h5 57.Bd5 Kg6 58.Be4 Qd7 0-1

[Event "5th Oakham Young Masters"]
[Site "Oakham ENG"]
[Date "1992.03.26"]
[Round "3"]
[White "Polak, Tomas"]
[Black "Hassabis, Demis"]
[Result "1/2-1/2"]
[WhiteElo "2410"]
[BlackElo "2290"]
[EventDate "1992.03.24"]
[PlyCount "86"]
[Source "John Saunders"]

1.e4 c5 2.Nf3 Nc6 3.c3 d5 4.exd5 Qxd5 5.d4 Nf6 6.Be3 cxd4 7.cxd4 e6 8.Nc3 
Qd6 9.a3 Be7 10.Bd3 b6 11.O-O O-O 12.Qe2 Bb7 13.Rad1 Rac8 14.Rfe1 Rfd8 15.
Bb1 g6 16.Ba2 Na5 17.Bg5 h6 18.Nb5 Bxf3 19.Qxf3 Qc6 20.d5 Qxb5 21.Bxf6 
Bxf6 22.Qxf6 exd5 23.h4 Nc4 24.Re7 Rf8 25.h5 Qxb2 26.Qxb2 Nxb2 27.Rd2 Nc4 
28.Rxd5 gxh5 29.a4 a6 30.Rd4 b5 31.Ra7 Ne5 32.Rxa6 bxa4 33.Raxa4 Ng4 34.g3
Rc7 35.Rf4 Kg7 36.Ra5 Nf6 37.Raf5 Rc6 38.Ra5 Rd6 39.Ra7 Nd7 40.Bc4 Nf6 41.
Kg2 Rc6 42.Rb7 Rd6 43.Rf5 h4 1/2-1/2

[Event "5th Oakham Young Masters"]
[Site "Oakham ENG"]
[Date "1992.03.26"]
[Round "3"]
[White "Borriss, Martin"]
[Black "Hsu Li Yang"]
[Result "1/2-1/2"]
[WhiteElo "2395"]
[BlackElo "2290"]
[EventDate "1992.03.24"]
[PlyCount "74"]
[Source "John Saunders"]

1.e4 e5 2.Nf3 Nc6 3.Bb5 a6 4.Ba4 Nf6 5.O-O Be7 6.Re1 b5 7.Bb3 O-O 8.a4 Bb7
9.d3 d6 10.c3 Na5 11.Ba2 c5 12.Na3 c4 13.Bg5 cxd3 14.Bxf6 Bxf6 15.axb5 d5 
16.bxa6 Rxa6 17.exd5 e4 18.Rxe4 Bxd5 19.Re3 Rd6 20.Nb5 Rb6 21.Bxd5 Qxd5 
22.Rxa5 Rxb5 23.Rxd3 Qxd3 24.Qxd3 Rxa5 25.g3 Rb8 26.Qc4 Raa8 27.Qe4 g6 28.
Qf4 Kg7 29.Ne5 Rxb2 30.c4 Rb1+ 31.Kg2 Bxe5 32.Qxe5+ Kg8 33.h4 Rb6 34.h5 
gxh5 35.Qxh5 Rg6 36.c5 Rc8 37.Qd5 Rgc6 1/2-1/2

[Event "5th Oakham Young Masters"]
[Site "Oakham ENG"]
[Date "1992.03.26"]
[Round "3"]
[White "Topakian, Raffi"]
[Black "Moutousis, Konstantinos"]
[Result "0-1"]
[WhiteElo "2255"]
[BlackElo "2405"]
[EventDate "1992.03.24"]
[PlyCount "66"]
[Source "John Saunders"]

1.e4 c5 2.Nf3 Nc6 3.Bb5 g6 4.O-O Bg7 5.c3 e5 6.d4 cxd4 7.cxd4 Nxd4 8.Nxd4 
exd4 9.e5 Ne7 10.Bg5 O-O 11.Re1 h6 12.Bf6 Bxf6 13.exf6 Nf5 14.Bd3 Qxf6 15.
Bxf5 gxf5 16.Na3 d6 17.Nb5 Be6 18.Nxd4 Bd7 19.Re3 Rac8 20.Qd2 Rc4 21.Rd1 
Rfc8 22.h3 Kh7 23.Rf3 R4c5 24.Nb3 Bc6 25.Rg3 Rd5 26.Rd3 Rxd3 27.Qxd3 Be4 
28.Qxd6 Qxb2 29.Qd7 Rg8 30.g4 fxg4 31.hxg4 Qf6 32.Rd6 Qf3 33.Kf1 Rxg4 0-1

[Event "5th Oakham Young Masters"]
[Site "Oakham ENG"]
[Date "1992.03.26"]
[Round "3"]
[White "Volzhin, Alexander"]
[Black "Relange, Eloi"]
[Result "1-0"]
[WhiteElo "2370"]
[BlackElo "2275"]
[EventDate "1992.03.24"]
[PlyCount "49"]
[Source "John Saunders"]

1.d4 e6 2.c4 f5 3.Nf3 Nf6 4.Nc3 d5 5.Bf4 c6 6.e3 Be7 7.Bd3 O-O 8.Qc2 Ne4 
9.g4 b5 10.cxb5 cxb5 11.gxf5 Nxc3 12.f6 Bxf6 13.Bxh7+ Kh8 14.bxc3 Nc6 15.
h4 Qe7 16.Ng5 e5 17.Bg8 g6 18.Qxg6 Bf5 19.Qxf5 exf4 20.Qg6 Qg7 21.Qxg7+ 
Bxg7 22.Bxd5 Rac8 23.Nf7+ Kh7 24.Be4+ Kg8 25.Nd6 1-0

[Event "5th Oakham Young Masters"]
[Site "Oakham ENG"]
[Date "1992.03.26"]
[Round "3"]
[White "Khurtsidze, Nino"]
[Black "Djurhuus, Rune"]
[Result "0-1"]
[WhiteElo "2220"]
[BlackElo "2420"]
[EventDate "1992.03.24"]
[PlyCount "128"]
[Source "John Saunders"]

1.e4 e6 2.d3 d5 3.Nd2 Nf6 4.g3 b6 5.Bg2 Bb7 6.Ne2 h5 7.h4 c5 8.O-O Be7 9.
Re1 Nc6 10.Nf4 dxe4 11.dxe4 Ne5 12.Qe2 Qc8 13.c4 Qc7 14.Nf3 O-O-O 15.b3 
Nfg4 16.Bb2 g6 17.Rad1 Bf6 18.Rd2 Nxf3+ 19.Bxf3 Rxd2 20.Qxd2 Rd8 21.Qc2 
Bxb2 22.Qxb2 Ne5 23.Bg2 Rd4 24.Ne2 Rd8 25.Nf4 a6 26.Qc2 Qd6 27.Rc1 Kc7 28.
a3 Qd4 29.b4 Kc8 30.bxc5 Qxc5 31.a4 Rd4 32.Qb3 Rxc4 33.Rxc4 Nxc4 34.Nd3 
Qd4 35.Nb4 Na5 36.Qc2+ Kb8 37.Na2 Bc6 38.Nc3 Kb7 39.Bf1 Ka7 40.Qb2 Qd7 41.
Qb4 Bb7 42.Be2 Nc6 43.Qc4 Qd4 44.Kf1 Qxc4 45.Bxc4 Na5 46.Ba2 Bc6 47.f4 Nb7
48.f5 Nc5 49.fxg6 fxg6 50.e5 Kb7 51.Ke2 Nxa4 52.Nxa4 Bxa4 53.Bxe6 Be8 54.
Bd5+ Kc7 55.Kd3 Kd7 56.Kd4 a5 57.Bf3 Bf7 58.g4 a4 59.gxh5 gxh5 60.Bd1 a3 
61.Kc3 b5 62.Be2 b4+ 63.Kc2 b3+ 64.Kc3 b2 0-1

[Event "5th Oakham Young Masters"]
[Site "Oakham ENG"]
[Date "1992.03.26"]
[Round "3"]
[White "Livshits, Ron"]
[Black "Cullip, Stephen"]
[Result "1-0"]
[WhiteElo "2310"]
[BlackElo "2320"]
[EventDate "1992.03.24"]
[PlyCount "111"]
[Source "John Saunders"]

1.e4 c5 2.Nf3 e6 3.d4 cxd4 4.Nxd4 a6 5.Bd3 Nf6 6.O-O d6 7.Nc3 Be7 8.Kh1 
O-O 9.f4 Qc7 10.Qe1 Nbd7 11.Nf3 Nc5 12.e5 Nfd7 13.Qg3 Qd8 14.Be3 Nxd3 15.
cxd3 b5 16.Bd4 dxe5 17.fxe5 Bb7 18.Ne4 Bxe4 19.dxe4 Bc5 20.Rad1 Qc7 21.Bc3
Nb6 22.Bd2 Kh8 23.b3 Qb7 24.Qh4 Be7 25.Bg5 Rae8 26.Bf6 gxf6 27.exf6 Rg8 
28.Ng5 Rxg5 29.Qxg5 Bf8 30.Rf4 h6 31.Rh4 Qxe4 32.Qg7+ Bxg7 33.fxg7+ Kxg7 
34.Rxe4 Rc8 35.h4 Nd5 36.a4 b4 37.Rc4 Rb8 38.Rc6 a5 39.Rdc1 Nc3 40.Rc7 Kg6
41.Rc5 Rd8 42.h5+ Kg7 43.Rxa5 Rd4 44.Re1 Rd3 45.Ra7 Rd5 46.Rxe6 Rxh5+ 47.
Kg1 Rf5 48.Rb7 Rf4 49.a5 Ne4 50.a6 Nc5 51.a7 Nxb7 52.a8=Q fxe6 53.Qxb7+ 
Kg6 54.Qb5 Re4 55.Kf2 h5 56.Qd3 1-0

[Event "5th Oakham Young Masters"]
[Site "Oakham ENG"]
[Date "1992.03.26"]
[Round "3"]
[White "Beckett, Roger"]
[Black "Prakash, Gurunath B."]
[Result "0-1"]
[WhiteElo "2205"]
[BlackElo "2335"]
[EventDate "1992.03.24"]
[PlyCount "62"]
[Source "John Saunders"]

1.e4 e5 2.Bc4 Nf6 3.d3 Nc6 4.Nf3 Bc5 5.c3 d6 6.O-O O-O 7.Bb3 h6 8.Nbd2 a6 
9.a4 Be6 10.Bxe6 fxe6 11.b4 Ba7 12.Nc4 b5 13.axb5 axb5 14.Na5 Ne7 15.Be3 
Bxe3 16.fxe3 Ng6 17.Qe1 Qd7 18.Qg3 Kh7 19.Qh3 Rae8 20.Nb3 Kg8 21.Qg3 Kh7 
22.Qh3 Kg8 23.g4 Qc6 24.Rac1 Qb6 25.d4 Nxe4 26.Qh5 Ne7 27.g5 Nf5 28.gxh6 
Nxh6 29.Nh4 Qc6 30.Rxf8+ Rxf8 31.Ng6 Qe8 0-1

[Event "5th Oakham Young Masters"]
[Site "Oakham ENG"]
[Date "1992.03.26"]
[Round "3"]
[White "Martinidesz, Denes"]
[Black "Piper, Matthew"]
[Result "1-0"]
[WhiteElo "2215"]
[BlackElo "2275"]
[EventDate "1992.03.24"]
[PlyCount "83"]
[Source "John Saunders"]

1.e4 e5 2.f4 exf4 3.Bc4 Be7 4.Nf3 d6 5.d4 g5 6.O-O h6 7.Nc3 Bg4 8.g3 Bh3 
9.Rf2 Nc6 10.Nd5 Nf6 11.gxf4 g4 12.Nd2 Nxd4 13.c3 Ne6 14.Nxf6+ Bxf6 15.Nf1
Bh4 16.Ng3 Qe7 17.b4 h5 18.Qd3 Bxg3 19.hxg3 h4 20.f5 hxg3 21.Qxg3 Nf8 22.
Bf4 O-O-O 23.Qe3 Nd7 24.Bg5 f6 25.Bf4 Kb8 26.Rd2 Rde8 27.Re1 g3 28.Be6 Nf8
29.Bd5 Qh7 30.Qxg3 Nd7 31.Kf2 Ne5 32.Bxe5 Rxe5 33.Rh1 c6 34.Be6 Rxe4 35.
Rd3 Rh4 36.Rxd6 Ka8 37.Rhd1 a6 38.Rd8+ Rxd8 39.Rxd8+ Ka7 40.Qe3+ c5 41.
Qxc5+ b6 42.Qd6 1-0

[Event "5th Oakham Young Masters"]
[Site "Oakham ENG"]
[Date "1992.03.26"]
[Round "3"]
[White "Ong Chong Ghee"]
[Black "Buckley, Graeme"]
[Result "0-1"]
[WhiteElo "2205"]
[BlackElo "2205"]
[EventDate "1992.03.24"]
[PlyCount "72"]
[Source "John Saunders"]

1.d4 Nf6 2.c4 g6 3.Nc3 Bg7 4.e4 d6 5.Nge2 O-O 6.Ng3 h5 7.Bg5 Nh7 8.Be3 e5 
9.d5 h4 10.Nge2 Bf6 11.Qd2 Bg5 12.O-O-O Bxe3 13.Qxe3 Qg5 14.Nb5 Qxe3+ 15.
fxe3 Na6 16.Nec3 Rd8 17.Be2 Kf8 18.Rd2 Ke7 19.Rhd1 Ng5 20.b4 Bd7 21.a3 
Rdc8 22.c5 Nb8 23.a4 a5 24.bxa5 Rxa5 25.Kb2 Na6 26.Na7 Rb8 27.cxd6+ cxd6 
28.Bxa6 bxa6+ 29.Kc1 Rc5 30.Rc2 Rb3 31.Rd3 f5 32.Nc6+ Kf8 33.exf5 e4 34.
Nxe4 Rxc2+ 35.Kxc2 Rxd3 36.Nxg5 Rxd5 0-1

[Event "5th Oakham Young Masters"]
[Site "Oakham ENG"]
[Date "1992.03.27"]
[Round "4"]
[White "Prakash, Gurunath B."]
[Black "Ulybin, Mikhail"]
[Result "0-1"]
[WhiteElo "2335"]
[BlackElo "2585"]
[EventDate "1992.03.24"]
[PlyCount "40"]
[Source "John Saunders"]

1.e4 c5 2.Nc3 Nc6 3.f4 g6 4.Nf3 Bg7 5.Bc4 e6 6.e5 d5 7.exd6 Qxd6 8.d3 Nge7
9.O-O O-O 10.Kh1 b6 11.Bd2 Nf5 12.Qe1 Bb7 13.Ne4 Qc7 14.Rb1 Ncd4 15.Nxd4 
Nxd4 16.c3 Nf5 17.Rd1 Rad8 18.Bc1 Qc6 19.Bb3 Nd6 20.Bc2 f5 0-1